000 00540nam a2200193Ia 4500
003 GCL
008 140319s9999 xx 000 0 ara d
040 _aGCL /
_cGCL
082 0 4 _a813.01
_bج ل
100 1 _aجاذبية صدقى
245 1 0 _aالليل طويل /
_cجاذبية صدقى
300 _a159 ص
490 _aالكتاب الذهبى
_v0
650 0 4 _aالادب العربى
650 0 4 _aالقصص العربية
650 0 4 _aالقصة العربية
650 0 4 _aالقصة القصيرة
942 _2ddc
_cBK
999 _c40752
_d40752